• 首页
  • 本馆介绍
  • 公告通知
  • 最新文献
  • 馆藏检索
  • 电子资源
  • 读者导购
  • 参考咨询
  • 我的图书馆
  • 登录
  • 详细信息显示
  • 放入我的书架
  • 预约/预借图书
  • 作者相关作品
  • 分类相关作品
  • 丛书相关作品
  • 出版社相关作品

书目信息

  • 表格格式
  • 工作单格式
  • 卡片格式
题名:
忆南征
    
 
作者: 王首道 著
分册:  
出版信息: 北京   人民出版社  1983.10
页数: 229
开本: 20cm
丛书名:
单 册:
中图分类: K265.1 , E297.3
科图分类:
主题词: 中国--历史 , 军事史--中国
电子资源:
ISBN:
000 00608nam0 2200241 45
001 0181011096
005 20070708111107.51
010    @dCNY0.72
091    @a11001.435
100    @a20810111d km y0chiy0120 ea
101 0  @achi
105    @aab z 000yy
200 1  @Ayi nan zheng@a忆南征@FWang Shou Dao Zhu@f王首道著
205    @a2版
210    @a北京@c人民出版社@d1983.10
215    @a229@c照片,地图@d20cm
606 0  @a中国@x历史
606 0  @a军事史@x中国
690    @aK265.1@v3
690    @aE297.3
701  0 @a王首道@4著
801    @aCN@bTSTC@c20070708
905    @dK265.1@e12=2@f3@b144850-852
    
    忆南征/王首道著.-2版.-北京:人民出版社,1983.10
    229:照片,地图;20cm
    
    
    ISBN :CNY0.72
    
●
相关链接 在E读中查询图书 在五车中查询图书 在当当中查询图书 在豆瓣中查询图书


正题名:忆南征     索取号:K265.1/12=2         预约/预借

序号 登录号 条形码 馆藏地/架位号 状态 备注
1 0105814   001791163   密集书库/ [索取号:K265.1/12=2] 在馆    
2 0144850   001284586   第二借阅区/ [索取号:K265.1/12=2] 在馆    
3 0144851   001284577   第二借阅区/ [索取号:K265.1/12=2] 在馆    
4 0144852   001284595   第二借阅区/ [索取号:K265.1/12=2] 在馆    
欢迎您!
大连网信软件有限公司© 版权所有